Films de Marion Cotillard - Statistiques

Statistiques générales
  • Ce quiz a été pris 208 fois
    122 depuis la dernière actualisation
  • Le résultat moyen est 4 sur 12
Statistiques - réponses
Année du film Récompense Film % Correct
2007 Oscar de la meilleure actrice La môme
92%
1998 Nomination au César du Meilleur jeune espoir féminin Taxi
66%
2003 NRJ Ciné Awards - Meilleur baiser Jeux d'enfants
62%
2012 Nomination au Golden Globe de meilleure actrice (drame) De rouille et d'os
53%
2012 Nomination aux MTV Movie Awards - Meilleur méchant The Dark Knight Rises
42%
2004 César de la meilleure actrice dans un second rôle Un long dimanche de fiançailles
34%
2014 Nomination à l'Oscar de la meilleure actrice Deux jours, une nuit
24%
2016 Nomination au César de la meilleur actrice Mal de pierres
19%
2009 Nomination au Golden Globe de meilleure actrice (comédie ou comédie musicale) Nine
19%
2013 Toronto Film Critics Association Awards - Meilleure actrice The immigrant
14%
2013 (Co) nominée aux MTV Movie Awards - Meilleur combat Légendes vivantes (Anchorman 2)
3%
1999 Festival du film de montagne d'Autrans - Meilleure actrice La guerre dans le Haut Pays
2%
Aucun quiz correspondant
Distribution des résultats
% des personnes avec chaque résultat
Percentile par nombre de réponses
Votre historique - résultats
Vous n’avez pas pris ce quiz depuis la dernière actualisation